000
00279nam a2200121Ia 4500
008
220120s9999||||xx |||||||||||||| ||und||
082
_a
823 SIN
100
_a
Singleton, Sarah
_9
11920
245
0
_a
Century
260
_a
Hodder
_b
Bangalooru
_c
2007
300
_b
0
650
_a
CIVIL
999
_c
137486
_d
137486